000 00547nam a2200193Ia 4500
005 20250508152439.0
008 008 250505s9999 xx 000 0 eng d
037 _aTextual
040 _aFEDL
_beng
_cFEDL
041 _aeng
_2eng
084 _a301.35054, DES
_qFEDL
100 _aDesai A.R.
245 0 _aRural sociology in India
260 _aBombay, India
_bThe Indian Society of Agricultural Economics
_c1959
300 _a440p.
650 _aSociology
942 _cTEXL
_h301.35054, DES
999 _c1336474
_d1336474